000 00697nam a2200193Ii 4500
003 JO-AjNU
008 230605s9999||||xx |||||||||||||| ||und||
040 _aJO-AjNU
_bara
_erda
_cJO-AjNU
041 _aara
050 1 4 _aDS247.K86.H34 1993
100 3 _aالحجي، يعقوب يوسف,
_eauthor
_943721
245 0 0 _aالشيخ عبد العزيز الرشيد: سيرة حياته
264 3 1 _aالكويت: مركز البحوث والدراسات الكويتية، 1993
300 _a670ص
_bصور توضيحية
336 _atext
_btxt
_2rdacontent
337 _aunmediated
_bn
_2rdamedia
338 _avolume
_bnc
_2rdacarrier
650 4 _aتراجم- الكويت-تاريخ
_943722
999 _aA18816
_c22384
_d22384